| 000 | 00000nam##2200000za#4500 |
| 001 | 9.668359 |
| 003 | CaOODSP |
| 005 | 20210615124119 |
| 007 | ta |
| 008 | 150407|2007||||xxc||||| f|0| 0 iku|d |
| 020 | |a978-0-662-02920-5 |
| 040 | |aCaOODSP|beng |
| 041 | 7|aiku |
| 043 | |an-cn--- |
| 086 | 1 |aH34-166/1-2007S |
| 110 | 1 |aCanada. |bHealth Canada. |
| 245 | 10|aHealthy pregnancy |
| 260 | |aOttawa - Ontario : |bHealth Canada |c[2007]. |
| 300 | |a[10]p. : |bphotographs ; |c16 cm. |
| 546 | |aText in Inuktitut. |
| 563 | |aPamphlet |
| 590 | |a09-09|b2009-02-27 |
| 690 | 07|aPregnancy|2gcpds |
| 775 | 08|tHealthy pregnancy |w(CaOODSP)9.650544 |
| 776 | 0#|t[Une grossesse en santé] |w(CaOODSP)9.674548 |
| 792 | |tGrossesse en santé |efre|w(CaOODSP)9.668360 |
| 986 | |a3432 |